GİZEMLİ MAĞARA (Record no. 709188)

MARC details
000 -LEADER
sabit uzunluktaki kontrol alanı 00246nam a2200097Ia 4500
001 - KONTROL NUMARASI
kontrol alanı 709188
005 - EN SON İŞLEMİN TARİH VE ZAMANI
kontrol alanı 20250826162542.0
008 - SABİT-UZUNLUKTA VERİ ÖĞELERİ--GENEL BİLGİ
sabit uzunluktaki kontrol alanı 250824s9999 xx 000 0 und d
245 #0 - ESER / YAZAR
ESER ADI GİZEMLİ MAĞARA
Yazar Adı DURAN ÇETİN
260 ## - YAYIN, DAĞITIM, VB.
YAYIN EVİ ATLIKARINCA YAYINLARI
Holdings
Düşüm durumu Kayıp durumu Hasar Durumu Ödünç verilmez Ana kütüphane Geçerli Kütüphane Edinilen tarih Toplam ödünç verme sayısı Barkod Son görüntüleme tarihi Fiyatın geçerli olmaya başladığı tarih Koha materyal türü
        CAHİT ZARİFOĞLU İLKOKULU CAHİT ZARİFOĞLU İLKOKULU 24.08.2025   10272238 26.08.2025 26.08.2025 Books